书目信息 |
| 题名: |
拉美国家现代化进程研究
|
|
| 作者: | 苏振兴 | |
| 分册: | ||
| 出版信息: | 北京 社会科学文献出版社 2006 |
|
| 页数: | 668 | |
| 开本: | 20 cm | |
| 丛书名: | ||
| 单 册: | ||
| 中图分类: | K73 | |
| 科图分类: | ||
| 主题词: | 拉丁美洲--历史 | |
| 电子资源: | ||
| ISBN: | 7-80190-972-0 | |
| 000 | 00524nam0 2200181 450 | |
| 001 | 0734081268 | |
| 005 | 20071007092801.28 | |
| 010 | @a7-80190-972-0 | |
| 100 | @a20071007d km y0chiy0120 ea | |
| 101 | 0 | @achi |
| 200 | 1 | @a拉美国家现代化进程研究@Ala mei guo jia xian dai hua jin cheng yan jiu@f苏振兴@Fsu zhen xing |
| 210 | @a北京@c社会科学文献出版社@d2006 | |
| 215 | @a668@d20 cm | |
| 606 | 0 | @a拉丁美洲@x历史 |
| 690 | @aK73@v3 | |
| 701 | 0 | @a苏振兴@Asu zhen xing |
| 801 | 0 | @aCN@bPFT@c20071007 |
| 905 | @a213230@dK73@ea1@f1 | |
| 拉美国家现代化进程研究/苏振兴.-北京:社会科学文献出版社,2006 |
| 668;20 cm |
| ISBN 7-80190-972-0: |
| ● |
| 相关链接 |
|
|
|
|
正题名:拉美国家现代化进程研究
索取号:K73/a1
 
预约/预借
| 序号 | 登录号 | 条形码 | 馆藏地/架位号 | 状态 | 备注 |
| 1 | 7509430 | 275094309 | 密集书库-史法系/ [索取号:K73/a1] | 在馆 |